Τυχαίο Σημείο στο Έδαφος σε Χώρα - Statistics

General Stats
  • This quiz has been taken 28 times
  • The average score is 10 of 20
Answers on the Map
Answers color-coded by a green-red scale on the quiz's map according to % correct below.
 
Answer Stats
Χώρα % Correct
Αίγυπτος
100%
Αϊτή
100%
Αλγερία
100%
Αλγερία
100%
Αλγερία
100%
Ανγκόλα
100%
Αργεντινή
100%
Αργεντινή
100%
Αργεντινή
100%
Αυστραλία
100%
Αυστραλία
100%
Αυστραλία
100%
Αυστραλία
100%
Αυστραλία
100%
Αυστραλία
100%
Αυστραλία
100%
Αυστραλία
100%
Αυστραλία
100%
Αυστραλία
100%
Αυστραλία
100%
Αυστραλία
100%
Αυστραλία
100%
Αυστραλία
100%
Αυστρία
100%
Βολιβία
100%
Βόρεια Κορέα
100%
Βραζιλία
100%
Βραζιλία
100%
Βραζιλία
100%
Βραζιλία
100%
Βραζιλία
100%
Βραζιλία
100%
Βραζιλία
100%
Βραζιλία
100%
Βραζιλία
100%
Βραζιλία
100%
Βραζιλία
100%
Γαλλία
100%
Γουιάνα
100%
Δανία
100%
Δανία
100%
Δανία
100%
Δανία
100%
Δανία
100%
Δανία
100%
Δανία
100%
Δανία
100%
Δανία
100%
Δανία
100%
Ελλάδα
100%
Ηνωμένες Πολιτείες
100%
Ηνωμένες Πολιτείες
100%
Ηνωμένες Πολιτείες
100%
Ηνωμένες Πολιτείες
100%
Ηνωμένες Πολιτείες
100%
Ηνωμένες Πολιτείες
100%
Ηνωμένες Πολιτείες
100%
Ηνωμένες Πολιτείες
100%
Ηνωμένες Πολιτείες
100%
Ηνωμένες Πολιτείες
100%
Ηνωμένες Πολιτείες
100%
Ηνωμένες Πολιτείες
100%
Ηνωμένες Πολιτείες
100%
Ηνωμένες Πολιτείες
100%
Ηνωμένες Πολιτείες
100%
Ηνωμένες Πολιτείες
100%
Ηνωμένες Πολιτείες
100%
Ηνωμένες Πολιτείες
100%
Ηνωμένες Πολιτείες
100%
Ηνωμένες Πολιτείες
100%
Ηνωμένες Πολιτείες
100%
Ηνωμένες Πολιτείες
100%
Ηνωμένες Πολιτείες
100%
Ηνωμένες Πολιτείες
100%
Ηνωμένες Πολιτείες
100%
Ηνωμένες Πολιτείες
100%
Ηνωμένο Βασίλειο
100%
Ιαπωνία
100%
Ιαπωνία
100%
Ινδία
100%
Ινδονησία
100%
Ινδονησία
100%
Ιρλανδία
100%
Καζακστάν
100%
Καζακστάν
100%
Καναδάς
100%
Καναδάς
100%
Καναδάς
100%
Καναδάς
100%
Καναδάς
100%
Καναδάς
100%
Καναδάς
100%
Καναδάς
100%
Καναδάς
100%
Καναδάς
100%
Καναδάς
100%
Καναδάς
100%
Καναδάς
100%
Καναδάς
100%
Καναδάς
100%
Καναδάς
100%
Καναδάς
100%
Καναδάς
100%
Καναδάς
100%
Καναδάς
100%
Καναδάς
100%
Καναδάς
100%
Καναδάς
100%
Καναδάς
100%
Καναδάς
100%
Καναδάς
100%
Καναδάς
100%
Καναδάς
100%
Καναδάς
100%
Καναδάς
100%
Καναδάς
100%
Κένυα
100%
Κίνα
100%
Κίνα
100%
Κίνα
100%
Κίνα
100%
Κολομβία
100%
Κολομβία
100%
Λαϊκή Δημοκρατία του Κονγκό
100%
Λάος
100%
Λευκορωσία
100%
Λιβύη
100%
Μαδαγασκάρη
100%
Μαλαισία
100%
Μάλτα
100%
Μαρόκο
100%
Μαρόκο
100%
Μαυριτανία
100%
Μεξικό
100%
Μεξικό
100%
Μεξικό
100%
Μεξικό
100%
Μεξικό
100%
Μεξικό
100%
Μεξικό
100%
Μογγολία
100%
Μοζαμβίκη
100%
Μπανγκλαντές
100%
Μπαχρέιν
100%
Ναμίμπια
100%
Νεπάλ
100%
Νίγηρας
100%
Νότια Αφρική
100%
Ουκρανία
100%
Πακιστάν
100%
Παραγουάη
100%
Περού
100%
Περού
100%
Πράσινο Ακρωτήριο
100%
Ρωσία
100%
Ρωσία
100%
Ρωσία
100%
Ρωσία
100%
Ρωσία
100%
Ρωσία
100%
Ρωσία
100%
Ρωσία
100%
Ρωσία
100%
Ρωσία
100%
Ρωσία
100%
Ρωσία
100%
Ρωσία
100%
Ρωσία
100%
Ρωσία
100%
Ρωσία
100%
Ρωσία
100%
Ρωσία
100%
Ρωσία
100%
Ρωσία
100%
Ρωσία
100%
Ρωσία
100%
Ρωσία
100%
Ρωσία
100%
Ρωσία
100%
Ρωσία
100%
Ρωσία
100%
Ρωσία
100%
Σαουδική Αραβία
100%
Σαουδική Αραβία
100%
Σομαλία
100%
Σομαλία
100%
Σουδάν
100%
Σουηδία
100%
Ταϊλάνδη
100%
Φινλανδία
100%
Φίτζι
100%
Χιλή
100%
Χιλή
100%
Αυστραλία
50%
Ηνωμένες Πολιτείες
50%
Ηνωμένες Πολιτείες
50%
Κούβα
50%
Κύπρος
50%
Λιβύη
50%
Μαδαγασκάρη
50%
Ουκρανία
50%
Ρωσία
50%
Ρωσία
50%
Ρωσία
50%
Τυνησία
50%
Αργεντινή
33%
Αγία Λουκία
0%
Άγιος Βικέντιος και Γρεναδίνες
0%
Άγιος Μαρίνος
0%
Άγιος Χριστόφορος και Νέβις
0%
Άγιος Χριστόφορος και Νέβις
0%
Αζερμπαϊτζάν
0%
Αζερμπαϊτζάν
0%
Αζερμπαϊτζάν
0%
Αζερμπαϊτζάν
0%
Αίγυπτος
0%
Αίγυπτος
0%
Αίγυπτος
0%
Αίγυπτος
0%
Αίγυπτος
0%
Αίγυπτος
0%
Αίγυπτος
0%
Αίγυπτος
0%
Αίγυπτος
0%
Αίγυπτος
0%
Αίγυπτος
0%
Αίγυπτος
0%
Αίγυπτος
0%
Αίγυπτος
0%
Αίγυπτος
0%
Αίγυπτος
0%
Αίγυπτος
0%
Αίγυπτος
0%
Αιθιοπία
0%
Αιθιοπία
0%
Αιθιοπία
0%
Αιθιοπία
0%
Αιθιοπία
0%
Αιθιοπία
0%
Αιθιοπία
0%
Αιθιοπία
0%
Αιθιοπία
0%
Αιθιοπία
0%
Αιθιοπία
0%
Αιθιοπία
0%
Αιθιοπία
0%
Αιθιοπία
0%
Αιθιοπία
0%
Αιθιοπία
0%
Αϊτή
0%
Αϊτή
0%
Ακτή Ελεφαντοστού
0%
Ακτή Ελεφαντοστού
0%
Ακτή Ελεφαντοστού
0%
Ακτή Ελεφαντοστού
0%
Ακτή Ελεφαντοστού
0%
Ακτή Ελεφαντοστού
0%
Αλβανία
0%
Αλβανία
0%
Αλγερία
0%
Αλγερία
0%
Αλγερία
0%
Αλγερία
0%
Αλγερία
0%
Αλγερία
0%
Αλγερία
0%
Αλγερία
0%
Αλγερία
0%
Αλγερία
0%
Αλγερία
0%
Αλγερία
0%
Αλγερία
0%
Αλγερία
0%
Αλγερία
0%
Αλγερία
0%
Αλγερία
0%
Αλγερία
0%
Αλγερία
0%
Αλγερία
0%
Αλγερία
0%
Αλγερία
0%
Αλγερία
0%
Αλγερία
0%
Αλγερία
0%
Αλγερία
0%
Αλγερία
0%
Αλγερία
0%
Αλγερία
0%
Αλγερία
0%
Αλγερία
0%
Αλγερία
0%
Αλγερία
0%
Αλγερία
0%
Αλγερία
0%
Αλγερία
0%
Αλγερία
0%
Αλγερία
0%
Ανατολικό Τιμόρ
0%
Ανατολικό Τιμόρ
0%
Ανγκόλα
0%
Ανγκόλα
0%
Ανγκόλα
0%
Ανγκόλα
0%
Ανγκόλα
0%
Ανγκόλα
0%
Ανγκόλα
0%
Ανγκόλα
0%
Ανγκόλα
0%
Ανγκόλα
0%
Ανγκόλα
0%
Ανγκόλα
0%
Ανγκόλα
0%
Ανγκόλα
0%
Ανγκόλα
0%
Ανγκόλα
0%
Ανγκόλα
0%
Ανγκόλα
0%
Ανγκόλα
0%
Ανγκόλα
0%
Ανδόρρα
0%
Αντίγκουα και Μπαρμπούντα
0%
Αντίγκουα και Μπαρμπούντα
0%
Αργεντινή
0%
Αργεντινή
0%
Αργεντινή
0%
Αργεντινή
0%
Αργεντινή
0%
Αργεντινή
0%
Αργεντινή
0%
Αργεντινή
0%
Αργεντινή
0%
Αργεντινή
0%
Αργεντινή
0%
Αργεντινή
0%
Αργεντινή
0%
Αργεντινή
0%
Αργεντινή
0%
Αργεντινή
0%
Αργεντινή
0%
Αργεντινή
0%
Αργεντινή
0%
Αργεντινή
0%
Αργεντινή
0%
Αργεντινή
0%
Αργεντινή
0%
Αργεντινή
0%
Αργεντινή
0%
Αργεντινή
0%
Αργεντινή
0%
Αργεντινή
0%
Αργεντινή
0%
Αργεντινή
0%
Αργεντινή
0%
Αργεντινή
0%
Αργεντινή
0%
Αργεντινή
0%
Αργεντινή
0%
Αργεντινή
0%
Αργεντινή
0%
Αργεντινή
0%
Αργεντινή
0%
Αργεντινή
0%
Αργεντινή
0%
Αργεντινή
0%
Αργεντινή
0%
Αργεντινή
0%
Αργεντινή
0%
Αργεντινή
0%
Αργεντινή
0%
Αρμενία
0%
Αρμενία
0%
Αυστραλία
0%
Αυστραλία
0%
Αυστραλία
0%
Αυστραλία
0%
Αυστραλία
0%
Αυστραλία
0%
Αυστραλία
0%
Αυστραλία
0%
Αυστραλία
0%
Αυστραλία
0%
Αυστραλία
0%
Αυστραλία
0%
Αυστραλία
0%
Αυστραλία
0%
Αυστραλία
0%
Αυστραλία
0%
Αυστραλία
0%
Αυστραλία
0%
Αυστραλία
0%
Αυστραλία
0%
Αυστραλία
0%
Αυστραλία
0%
Αυστραλία
0%
Αυστραλία
0%
Αυστραλία
0%
Αυστραλία
0%
Αυστραλία
0%
Αυστραλία
0%
Αυστραλία
0%
Αυστραλία
0%
Αυστραλία
0%
Αυστραλία
0%
Αυστραλία
0%
Αυστραλία
0%
Αυστραλία
0%
Αυστραλία
0%
Αυστραλία
0%
Αυστραλία
0%
Αυστραλία
0%
Αυστραλία
0%
Αυστραλία
0%
Αυστραλία
0%
Αυστραλία
0%
Αυστραλία
0%
Αυστραλία
0%
Αυστραλία
0%
Αυστραλία
0%
Αυστραλία
0%
Αυστραλία
0%
Αυστραλία
0%
Αυστραλία
0%
Αυστραλία
0%
Αυστραλία
0%
Αυστραλία
0%
Αυστραλία
0%
Αυστραλία
0%
Αυστραλία
0%
Αυστραλία
0%
Αυστραλία
0%
Αυστραλία
0%
Αυστραλία
0%
Αυστραλία
0%
Αυστραλία
0%
Αυστραλία
0%
Αυστραλία
0%
Αυστραλία
0%
Αυστραλία
0%
Αυστραλία
0%
Αυστραλία
0%
Αυστραλία
0%
Αυστραλία
0%
Αυστραλία
0%
Αυστραλία
0%
Αυστραλία
0%
Αυστραλία
0%
Αυστραλία
0%
Αυστραλία
0%
Αυστραλία
0%
Αυστραλία
0%
Αυστραλία
0%
Αυστραλία
0%
Αυστραλία
0%
Αυστραλία
0%
Αυστραλία
0%
Αυστραλία
0%
Αυστραλία
0%
Αυστραλία
0%
Αυστραλία
0%
Αυστραλία
0%
Αυστραλία
0%
Αυστραλία
0%
Αυστραλία
0%
Αυστραλία
0%
Αυστραλία
0%
Αυστραλία
0%
Αυστραλία
0%
Αυστραλία
0%
Αυστραλία
0%
Αυστραλία
0%
Αυστραλία
0%
Αυστραλία
0%
Αυστραλία
0%
Αυστραλία
0%
Αυστραλία
0%
Αυστραλία
0%
Αυστραλία
0%
Αυστραλία
0%
Αυστραλία
0%
Αυστραλία
0%
Αυστραλία
0%
Αυστραλία
0%
Αυστραλία
0%
Αυστραλία
0%
Αυστραλία
0%
Αυστραλία
0%
Αυστραλία
0%
Αυστραλία
0%
Αυστραλία
0%
Αυστραλία
0%
Αυστραλία
0%
Αυστραλία
0%
Αυστρία
0%
Αυστρία
0%
Αυστρία
0%
Αφγανιστάν
0%
Αφγανιστάν
0%
Αφγανιστάν
0%
Αφγανιστάν
0%
Αφγανιστάν
0%
Αφγανιστάν
0%
Αφγανιστάν
0%
Αφγανιστάν
0%
Αφγανιστάν
0%
Αφγανιστάν
0%
Αφγανιστάν
0%
Αφγανιστάν
0%
Αφγανιστάν
0%
Βανουάτου
0%
Βανουάτου
0%
Βανουάτου
0%
Βανουάτου
0%
Βανουάτου
0%
Βέλγιο
0%
Βέλγιο
0%
Βενεζουέλα
0%
Βενεζουέλα
0%
Βενεζουέλα
0%
Βενεζουέλα
0%
Βενεζουέλα
0%
Βενεζουέλα
0%
Βενεζουέλα
0%
Βενεζουέλα
0%
Βενεζουέλα
0%
Βενεζουέλα
0%
Βενεζουέλα
0%
Βενεζουέλα
0%
Βενεζουέλα
0%
Βενεζουέλα
0%
Βενεζουέλα
0%
Βενεζουέλα
0%
Βενεζουέλα
0%
Βενεζουέλα
0%
Βενεζουέλα
0%
Βιετνάμ
0%
Βιετνάμ
0%
Βιετνάμ
0%
Βιετνάμ
0%
Βιετνάμ
0%
Βιετνάμ
0%
Βιετνάμ
0%
Βιετνάμ
0%
Βιετνάμ
0%
Βιετνάμ
0%
Βολιβία
0%
Βολιβία
0%
Βολιβία
0%
Βολιβία
0%
Βολιβία
0%
Βολιβία
0%
Βολιβία
0%
Βολιβία
0%
Βολιβία
0%
Βολιβία
0%
Βολιβία
0%
Βολιβία
0%
Βολιβία
0%
Βολιβία
0%
Βολιβία
0%
Βολιβία
0%
Βολιβία
0%
Βολιβία
0%
Βολιβία
0%
Βόρεια Κορέα
0%
Βόρεια Κορέα
0%
Βόρεια Κορέα
0%
Βόρεια Κορέα
0%
Βόρεια Κορέα
0%
Βόρεια Μακεδονία
0%
Βοσνία και Ερζεγοβίνη
0%
Βοσνία και Ερζεγοβίνη
0%
Βοσνία και Ερζεγοβίνη
0%
Βουλγαρία
0%
Βουλγαρία
0%
Βουλγαρία
0%
Βουλγαρία
0%
Βραζιλία
0%
Βραζιλία
0%
Βραζιλία
0%
Βραζιλία
0%
Βραζιλία
0%
Βραζιλία
0%
Βραζιλία
0%
Βραζιλία
0%
Βραζιλία
0%
Βραζιλία
0%
Βραζιλία
0%
Βραζιλία
0%
Βραζιλία
0%
Βραζιλία
0%
Βραζιλία
0%
Βραζιλία
0%
Βραζιλία
0%
Βραζιλία
0%
Βραζιλία
0%
Βραζιλία
0%
Βραζιλία
0%
Βραζιλία
0%
Βραζιλία
0%
Βραζιλία
0%
Βραζιλία
0%
Βραζιλία
0%
Βραζιλία
0%
Βραζιλία
0%
Βραζιλία
0%
Βραζιλία
0%
Βραζιλία
0%
Βραζιλία
0%
Βραζιλία
0%
Βραζιλία
0%
Βραζιλία
0%
Βραζιλία
0%
Βραζιλία
0%
Βραζιλία
0%
Βραζιλία
0%
Βραζιλία
0%
Βραζιλία
0%
Βραζιλία
0%
Βραζιλία
0%
Βραζιλία
0%
Βραζιλία
0%
Βραζιλία
0%
Βραζιλία
0%
Βραζιλία
0%
Βραζιλία
0%
Βραζιλία
0%
Βραζιλία
0%
Βραζιλία
0%
Βραζιλία
0%
Βραζιλία
0%
Βραζιλία
0%
Βραζιλία
0%
Βραζιλία
0%
Βραζιλία
0%
Βραζιλία
0%
Βραζιλία
0%
Βραζιλία
0%
Βραζιλία
0%
Βραζιλία
0%
Βραζιλία
0%
Βραζιλία
0%
Βραζιλία
0%
Βραζιλία
0%
Βραζιλία
0%
Βραζιλία
0%
Βραζιλία
0%
Βραζιλία
0%
Βραζιλία
0%
Βραζιλία
0%
Βραζιλία
0%
Βραζιλία
0%
Βραζιλία
0%
Βραζιλία
0%
Βραζιλία
0%
Βραζιλία
0%
Βραζιλία
0%
Βραζιλία
0%
Βραζιλία
0%
Βραζιλία
0%
Βραζιλία
0%
Βραζιλία
0%
Βραζιλία
0%
Βραζιλία
0%
Βραζιλία
0%
Βραζιλία
0%
Βραζιλία
0%
Βραζιλία
0%
Βραζιλία
0%
Βραζιλία
0%
Βραζιλία
0%
Βραζιλία
0%
Βραζιλία
0%
Βραζιλία
0%
Βραζιλία
0%
Βραζιλία
0%
Βραζιλία
0%
Βραζιλία
0%
Βραζιλία
0%
Βραζιλία
0%
Βραζιλία
0%
Βραζιλία
0%
Βραζιλία
0%
Βραζιλία
0%
Βραζιλία
0%
Βραζιλία
0%
Βραζιλία
0%
Βραζιλία
0%
Βραζιλία
0%
Βραζιλία
0%
Βραζιλία
0%
Βραζιλία
0%
Βραζιλία
0%
Βραζιλία
0%
Γαλλία
0%
Γαλλία
0%
Γαλλία
0%
Γαλλία
0%
Γαλλία
0%
Γαλλία
0%
Γαλλία
0%
Γαλλία
0%
Γαλλία
0%
Γαλλία
0%
Γαλλία
0%
Γαλλία
0%
Γαλλία
0%
Γαλλία
0%
Γαλλία
0%
Γαλλία
0%
Γαλλία
0%
Γαλλία
0%
Γαλλία
0%
Γαλλία
0%
Γαλλία
0%
Γερμανία
0%
Γερμανία
0%
Γερμανία
0%
Γερμανία
0%
Γερμανία
0%
Γερμανία
0%
Γερμανία
0%
Γερμανία
0%
Γερμανία
0%
Γεωργία
0%
Γεωργία
0%
Γεωργία
0%
Γκάμπια
0%
Γκάμπια
0%
Γκαμπόν
0%
Γκαμπόν
0%
Γκαμπόν
0%
Γκαμπόν
0%
Γκαμπόν
0%
Γκάνα
0%
Γκάνα
0%
Γκάνα
0%
Γκάνα
0%
Γκάνα
0%
Γουατεμάλα
0%
Γουατεμάλα
0%
Γουατεμάλα
0%
Γουιάνα
0%
Γουιάνα
0%
Γουιάνα
0%
Γουιάνα
0%
Γουινέα
0%
Γουινέα
0%
Γουινέα
0%
Γουινέα
0%
Γουινέα
0%
Γουινέα-Μπισσάου
0%
Γουινέα-Μπισσάου
0%
Γρενάδα
0%
Δανία
0%
Δανία
0%
Δανία
0%
Δανία
0%
Δανία
0%
Δανία
0%
Δανία
0%
Δανία
0%
Δανία
0%
Δανία
0%
Δανία
0%
Δανία
0%
Δανία
0%
Δανία
0%
Δανία
0%
Δανία
0%
Δανία
0%
Δανία
0%
Δανία
0%
Δανία
0%
Δανία
0%
Δανία
0%
Δανία
0%
Δανία
0%
Δανία
0%
Δανία
0%
Δανία
0%
Δανία
0%
Δανία
0%
Δανία
0%
Δανία
0%
Δανία
0%
Δανία
0%
Δανία
0%
Δανία
0%
Δανία
0%
Δανία
0%
Δανία
0%
Δανία
0%
Δανία
0%
Δανία
0%
Δανία
0%
Δανία
0%
Δανία
0%
Δανία
0%
Δανία
0%
Δανία
0%
Δανία
0%
Δανία
0%
Δανία
0%
Δανία
0%
Δανία
0%
Δανία
0%
Δανία
0%
Δανία
0%
Δανία
0%
Δανία
0%
Δανία
0%
Δανία
0%
Δανία
0%
Δανία
0%
Δανία
0%
Δανία
0%
Δανία
0%
Δανία
0%
Δανία
0%
Δανία
0%
Δανία
0%
Δανία
0%
Δανία
0%
Δανία
0%
Δανία
0%
Δανία
0%
Δανία
0%
Δανία
0%
Δανία
0%
Δανία
0%
Δανία
0%
Δανία
0%
Δανία
0%
Δανία
0%
Δανία
0%
Δανία
0%
Δανία
0%
Δανία
0%
Δημοκρατία του Κονγκό
0%
Δημοκρατία του Κονγκό
0%
Δημοκρατία του Κονγκό
0%
Δημοκρατία του Κονγκό
0%
Δημοκρατία του Κονγκό
0%
Δημοκρατία του Κονγκό
0%
Δημοκρατία του Κονγκό
0%
Δημοκρατία του Κονγκό
0%
Δομινίκα
0%
Δομινικανή Δημοκρατία
0%
Δομινικανή Δημοκρατία
0%
Ελ Σαλβαδόρ
0%
Ελβετία
0%
Ελβετία
0%
Ελβετία
0%
Ελλάδα
0%
Ελλάδα
0%
Ελλάδα
0%
Ελλάδα
0%
Ελλάδα
0%
Ερυθραία
0%
Ερυθραία
0%
Ερυθραία
0%
Ερυθραία
0%
Ερυθραία
0%
Εσθονία
0%
Εσθονία
0%
Εσθονία
0%
Εσουατίνι
0%
Ζάμπια
0%
Ζάμπια
0%
Ζάμπια
0%
Ζάμπια
0%
Ζάμπια
0%
Ζάμπια
0%
Ζάμπια
0%
Ζάμπια
0%
Ζάμπια
0%
Ζάμπια
0%
Ζάμπια
0%
Ζάμπια
0%
Ζάμπια
0%
Ζιμπάμπουε
0%
Ζιμπάμπουε
0%
Ζιμπάμπουε
0%
Ζιμπάμπουε
0%
Ζιμπάμπουε
0%
Ζιμπάμπουε
0%
Ζιμπάμπουε
0%
Ηνωμένα Αραβικά Εμιράτα
0%
Ηνωμένα Αραβικά Εμιράτα
0%
Ηνωμένα Αραβικά Εμιράτα
0%
Ηνωμένες Πολιτείες
0%
Ηνωμένες Πολιτείες
0%
Ηνωμένες Πολιτείες
0%
Ηνωμένες Πολιτείες
0%
Ηνωμένες Πολιτείες
0%
Ηνωμένες Πολιτείες
0%
Ηνωμένες Πολιτείες
0%
Ηνωμένες Πολιτείες
0%
Ηνωμένες Πολιτείες
0%
Ηνωμένες Πολιτείες
0%
Ηνωμένες Πολιτείες
0%
Ηνωμένες Πολιτείες
0%
Ηνωμένες Πολιτείες
0%
Ηνωμένες Πολιτείες
0%
Ηνωμένες Πολιτείες
0%
Ηνωμένες Πολιτείες
0%
Ηνωμένες Πολιτείες
0%
Ηνωμένες Πολιτείες
0%
Ηνωμένες Πολιτείες
0%
Ηνωμένες Πολιτείες
0%
Ηνωμένες Πολιτείες
0%
Ηνωμένες Πολιτείες
0%
Ηνωμένες Πολιτείες
0%
Ηνωμένες Πολιτείες
0%
Ηνωμένες Πολιτείες
0%
Ηνωμένες Πολιτείες
0%
Ηνωμένες Πολιτείες
0%
Ηνωμένες Πολιτείες
0%
Ηνωμένες Πολιτείες
0%
Ηνωμένες Πολιτείες
0%
Ηνωμένες Πολιτείες
0%
Ηνωμένες Πολιτείες
0%
Ηνωμένες Πολιτείες
0%
Ηνωμένες Πολιτείες
0%
Ηνωμένες Πολιτείες
0%
Ηνωμένες Πολιτείες
0%
Ηνωμένες Πολιτείες
0%
Ηνωμένες Πολιτείες
0%
Ηνωμένες Πολιτείες
0%
Ηνωμένες Πολιτείες
0%
Ηνωμένες Πολιτείες
0%
Ηνωμένες Πολιτείες
0%
Ηνωμένες Πολιτείες
0%
Ηνωμένες Πολιτείες
0%
Ηνωμένες Πολιτείες
0%
Ηνωμένες Πολιτείες
0%
Ηνωμένες Πολιτείες
0%
Ηνωμένες Πολιτείες
0%
Ηνωμένες Πολιτείες
0%
Ηνωμένες Πολιτείες
0%
Ηνωμένες Πολιτείες
0%
Ηνωμένες Πολιτείες
0%
Ηνωμένες Πολιτείες
0%
Ηνωμένες Πολιτείες
0%
Ηνωμένες Πολιτείες
0%
Ηνωμένες Πολιτείες
0%
Ηνωμένες Πολιτείες
0%
Ηνωμένες Πολιτείες
0%
Ηνωμένες Πολιτείες
0%
Ηνωμένες Πολιτείες
0%
Ηνωμένες Πολιτείες
0%
Ηνωμένες Πολιτείες
0%
Ηνωμένες Πολιτείες
0%
Ηνωμένες Πολιτείες
0%
Ηνωμένες Πολιτείες
0%
Ηνωμένες Πολιτείες
0%
Ηνωμένες Πολιτείες
0%
Ηνωμένες Πολιτείες
0%
Ηνωμένες Πολιτείες
0%
Ηνωμένες Πολιτείες
0%
Ηνωμένες Πολιτείες
0%
Ηνωμένες Πολιτείες
0%
Ηνωμένες Πολιτείες
0%
Ηνωμένες Πολιτείες
0%
Ηνωμένες Πολιτείες
0%
Ηνωμένες Πολιτείες
0%
Ηνωμένες Πολιτείες
0%
Ηνωμένες Πολιτείες
0%
Ηνωμένες Πολιτείες
0%
Ηνωμένες Πολιτείες
0%
Ηνωμένες Πολιτείες
0%
Ηνωμένες Πολιτείες
0%
Ηνωμένες Πολιτείες
0%
Ηνωμένες Πολιτείες
0%
Ηνωμένες Πολιτείες
0%
Ηνωμένες Πολιτείες
0%
Ηνωμένες Πολιτείες
0%
Ηνωμένες Πολιτείες
0%
Ηνωμένες Πολιτείες
0%
Ηνωμένες Πολιτείες
0%
Ηνωμένες Πολιτείες
0%
Ηνωμένες Πολιτείες
0%
Ηνωμένες Πολιτείες
0%
Ηνωμένες Πολιτείες
0%
Ηνωμένες Πολιτείες
0%
Ηνωμένες Πολιτείες
0%
Ηνωμένες Πολιτείες
0%
Ηνωμένες Πολιτείες
0%
Ηνωμένες Πολιτείες
0%
Ηνωμένες Πολιτείες
0%
Ηνωμένες Πολιτείες
0%
Ηνωμένες Πολιτείες
0%
Ηνωμένες Πολιτείες
0%
Ηνωμένες Πολιτείες
0%
Ηνωμένες Πολιτείες
0%
Ηνωμένες Πολιτείες
0%
Ηνωμένες Πολιτείες
0%
Ηνωμένες Πολιτείες
0%
Ηνωμένες Πολιτείες
0%
Ηνωμένες Πολιτείες
0%
Ηνωμένες Πολιτείες
0%
Ηνωμένες Πολιτείες
0%
Ηνωμένες Πολιτείες
0%
Ηνωμένες Πολιτείες
0%
Ηνωμένες Πολιτείες
0%
Ηνωμένες Πολιτείες
0%
Ηνωμένες Πολιτείες
0%
Ηνωμένες Πολιτείες
0%
Ηνωμένες Πολιτείες
0%
Ηνωμένες Πολιτείες
0%
Ηνωμένες Πολιτείες
0%
Ηνωμένες Πολιτείες
0%
Ηνωμένες Πολιτείες
0%
Ηνωμένες Πολιτείες
0%
Ηνωμένες Πολιτείες
0%
Ηνωμένες Πολιτείες
0%
Ηνωμένες Πολιτείες
0%
Ηνωμένες Πολιτείες
0%
Ηνωμένες Πολιτείες
0%
Ηνωμένες Πολιτείες
0%
Ηνωμένες Πολιτείες
0%
Ηνωμένες Πολιτείες
0%
Ηνωμένες Πολιτείες
0%
Ηνωμένες Πολιτείες
0%
Ηνωμένες Πολιτείες
0%
Ηνωμένες Πολιτείες
0%
Ηνωμένες Πολιτείες
0%
Ηνωμένες Πολιτείες
0%
Ηνωμένες Πολιτείες
0%
Ηνωμένες Πολιτείες
0%
Ηνωμένες Πολιτείες
0%
Ηνωμένες Πολιτείες
0%
Ηνωμένες Πολιτείες
0%
Ηνωμένες Πολιτείες
0%
Ηνωμένες Πολιτείες
0%
Ηνωμένες Πολιτείες
0%
Ηνωμένες Πολιτείες
0%
Ηνωμένες Πολιτείες
0%
Ηνωμένες Πολιτείες
0%
Ηνωμένες Πολιτείες
0%
Ηνωμένες Πολιτείες
0%
Ηνωμένες Πολιτείες
0%
Ηνωμένες Πολιτείες
0%
Ηνωμένες Πολιτείες
0%
Ηνωμένες Πολιτείες
0%
Ηνωμένες Πολιτείες
0%
Ηνωμένες Πολιτείες
0%
Ηνωμένες Πολιτείες
0%
Ηνωμένες Πολιτείες
0%
Ηνωμένες Πολιτείες
0%
Ηνωμένες Πολιτείες
0%
Ηνωμένες Πολιτείες
0%
Ηνωμένες Πολιτείες
0%
Ηνωμένες Πολιτείες
0%
Ηνωμένες Πολιτείες
0%
Ηνωμένες Πολιτείες
0%
Ηνωμένες Πολιτείες
0%
Ηνωμένες Πολιτείες
0%
Ηνωμένες Πολιτείες
0%
Ηνωμένες Πολιτείες
0%
Ηνωμένες Πολιτείες
0%
Ηνωμένες Πολιτείες
0%
Ηνωμένες Πολιτείες
0%
Ηνωμένες Πολιτείες
0%
Ηνωμένες Πολιτείες
0%
Ηνωμένες Πολιτείες
0%
Ηνωμένες Πολιτείες
0%
Ηνωμένες Πολιτείες
0%
Ηνωμένες Πολιτείες
0%
Ηνωμένες Πολιτείες
0%
Ηνωμένες Πολιτείες
0%
Ηνωμένες Πολιτείες
0%
Ηνωμένες Πολιτείες
0%
Ηνωμένες Πολιτείες
0%
Ηνωμένες Πολιτείες
0%
Ηνωμένες Πολιτείες
0%
Ηνωμένες Πολιτείες
0%
Ηνωμένες Πολιτείες
0%
Ηνωμένες Πολιτείες
0%
Ηνωμένες Πολιτείες
0%
Ηνωμένες Πολιτείες
0%
Ηνωμένες Πολιτείες
0%
Ηνωμένες Πολιτείες
0%
Ηνωμένες Πολιτείες
0%
Ηνωμένες Πολιτείες
0%
Ηνωμένες Πολιτείες
0%
Ηνωμένες Πολιτείες
0%
Ηνωμένες Πολιτείες
0%
Ηνωμένες Πολιτείες
0%
Ηνωμένες Πολιτείες
0%
Ηνωμένες Πολιτείες
0%
Ηνωμένες Πολιτείες
0%
Ηνωμένες Πολιτείες
0%
Ηνωμένες Πολιτείες
0%
Ηνωμένες Πολιτείες
0%
Ηνωμένες Πολιτείες
0%
Ηνωμένες Πολιτείες
0%
Ηνωμένες Πολιτείες
0%
Ηνωμένες Πολιτείες
0%
Ηνωμένες Πολιτείες
0%
Ηνωμένες Πολιτείες
0%
Ηνωμένες Πολιτείες
0%
Ηνωμένες Πολιτείες
0%
Ηνωμένες Πολιτείες
0%
Ηνωμένες Πολιτείες
0%
Ηνωμένες Πολιτείες
0%
Ηνωμένες Πολιτείες
0%
Ηνωμένο Βασίλειο
0%
Ηνωμένο Βασίλειο
0%
Ηνωμένο Βασίλειο
0%
Ηνωμένο Βασίλειο
0%
Ηνωμένο Βασίλειο
0%
Ηνωμένο Βασίλειο
0%
Ηνωμένο Βασίλειο
0%
Ηνωμένο Βασίλειο
0%
Ηνωμένο Βασίλειο
0%
Ηνωμένο Βασίλειο
0%
Ηνωμένο Βασίλειο
0%
Ηνωμένο Βασίλειο
0%
Ηνωμένο Βασίλειο
0%
Ηνωμένο Βασίλειο
0%
Ηνωμένο Βασίλειο
0%
Ιαπωνία
0%
Ιαπωνία
0%
Ιαπωνία
0%
Ιαπωνία
0%
Ιαπωνία
0%
Ιαπωνία
0%
Ιαπωνία
0%
Ιαπωνία
0%
Ιαπωνία
0%
Ιαπωνία
0%
Ιαπωνία
0%
Ιαπωνία
0%
Ινδία
0%
Ινδία
0%
Ινδία
0%
Ινδία
0%
Ινδία
0%
Ινδία
0%
Ινδία
0%
Ινδία
0%
Ινδία
0%
Ινδία
0%
Ινδία
0%
Ινδία
0%
Ινδία
0%
Ινδία
0%
Ινδία
0%
Ινδία
0%
Ινδία
0%
Ινδία
0%
Ινδία
0%
Ινδία
0%
Ινδία
0%
Ινδία
0%
Ινδία
0%
Ινδία
0%
Ινδία
0%
Ινδία
0%
Ινδία
0%
Ινδία
0%
Ινδία
0%
Ινδία
0%
Ινδία
0%
Ινδία
0%
Ινδία
0%
Ινδία
0%
Ινδία
0%
Ινδία
0%
Ινδία
0%
Ινδία
0%
Ινδία
0%
Ινδία
0%
Ινδία
0%
Ινδία
0%
Ινδία
0%
Ινδία
0%
Ινδία
0%
Ινδία
0%
Ινδία
0%
Ινδία
0%
Ινδία
0%
Ινδία
0%
Ινδία
0%
Ινδία
0%
Ινδία
0%
Ινδία
0%
Ινδία
0%
Ινδία
0%
Ινδία
0%
Ινδία
0%
Ινδία
0%
Ινδία
0%
Ινδία
0%
Ινδονησία
0%
Ινδονησία
0%
Ινδονησία
0%
Ινδονησία
0%
Ινδονησία
0%
Ινδονησία
0%
Ινδονησία
0%
Ινδονησία
0%
Ινδονησία
0%
Ινδονησία
0%
Ινδονησία
0%
Ινδονησία
0%
Ινδονησία
0%
Ινδονησία
0%
Ινδονησία
0%
Ινδονησία
0%
Ινδονησία
0%
Ινδονησία
0%
Ινδονησία
0%
Ινδονησία
0%
Ινδονησία
0%
Ινδονησία
0%
Ινδονησία
0%
Ινδονησία
0%
Ινδονησία
0%
Ινδονησία
0%
Ινδονησία
0%
Ινδονησία
0%
Ινδονησία
0%
Ινδονησία
0%
Ινδονησία
0%
Ινδονησία
0%
Ινδονησία
0%
Ινδονησία
0%
Ινδονησία
0%
Ινδονησία
0%
Ινδονησία
0%
Ινδονησία
0%
Ινδονησία
0%
Ινδονησία
0%
Ινδονησία
0%
Ινδονησία
0%
Ινδονησία
0%
Ινδονησία
0%
Ινδονησία
0%
Ινδονησία
0%
Ινδονησία
0%
Ινδονησία
0%
Ιορδανία
0%
Ιορδανία
0%
Ιορδανία
0%
Ιράκ
0%
Ιράκ
0%
Ιράκ
0%
Ιράκ
0%
Ιράκ
0%
Ιράκ
0%
Ιράκ
0%
Ιράκ
0%
Ιράκ
0%
Ιράκ
0%
Ιράκ
0%
Ιράν
0%
Ιράν
0%
Ιράν
0%
Ιράν
0%
Ιράν
0%
Ιράν
0%
Ιράν
0%
Ιράν
0%
Ιράν
0%
Ιράν
0%
Ιράν
0%
Ιράν
0%
Ιράν
0%
Ιράν
0%
Ιράν
0%
Ιράν
0%
Ιράν
0%
Ιράν
0%
Ιράν
0%
Ιράν
0%
Ιράν
0%
Ιράν
0%
Ιράν
0%
Ιράν
0%
Ιράν
0%
Ιράν
0%
Ιράν
0%
Ιράν
0%
Ιράν
0%
Ιράν
0%
Ιράν
0%
Ιράν
0%
Ιράν
0%
Ιρλανδία
0%
Ιρλανδία
0%
Ισημερινή Γουινέα
0%
Ισημερινή Γουινέα
0%
Ισημερινός
0%
Ισημερινός
0%
Ισημερινός
0%
Ισημερινός
0%
Ισημερινός
0%
Ισημερινός
0%
Ισλανδία
0%
Ισλανδία
0%
Ισλανδία
0%
Ισλανδία
0%
Ισλανδία
0%
Ισλανδία
0%
Ισπανία
0%
Ισπανία
0%
Ισπανία
0%
Ισπανία
0%
Ισπανία
0%
Ισπανία
0%
Ισπανία
0%
Ισπανία
0%
Ισπανία
0%
Ισπανία
0%
Ισπανία
0%
Ισπανία
0%
Ισπανία
0%
Ισπανία
0%
Ισπανία
0%
Ισπανία
0%
Ισπανία
0%
Ισπανία
0%
Ισραήλ
0%
Ισραήλ
0%
Ισραήλ
0%
Ιταλία
0%
Ιταλία
0%
Ιταλία
0%
Ιταλία
0%
Ιταλία
0%
Ιταλία
0%
Ιταλία
0%
Ιταλία
0%
Ιταλία
0%
Ιταλία
0%
Ιταλία
0%
Καζακστάν
0%
Καζακστάν
0%
Καζακστάν
0%
Καζακστάν
0%
Καζακστάν
0%
Καζακστάν
0%
Καζακστάν
0%
Καζακστάν
0%
Καζακστάν
0%
Καζακστάν
0%
Καζακστάν
0%
Καζακστάν
0%
Καζακστάν
0%
Καζακστάν
0%
Καζακστάν
0%
Καζακστάν
0%
Καζακστάν
0%
Καζακστάν
0%
Καζακστάν
0%
Καζακστάν
0%
Καζακστάν
0%
Καζακστάν
0%
Καζακστάν
0%
Καζακστάν
0%
Καζακστάν
0%
Καζακστάν
0%
Καζακστάν
0%
Καζακστάν
0%
Καζακστάν
0%
Καζακστάν
0%
Καζακστάν
0%
Καζακστάν
0%
Καζακστάν
0%
Καζακστάν
0%
Καζακστάν
0%
Καζακστάν
0%
Καζακστάν
0%
Καζακστάν
0%
Καζακστάν
0%
Καζακστάν
0%
Καζακστάν
0%
Καζακστάν
0%
Καζακστάν
0%
Καζακστάν
0%
Καζακστάν
0%
Καζακστάν
0%
Καζακστάν
0%
Καζακστάν
0%
Καζακστάν
0%
Καζακστάν
0%
Καζακστάν
0%
Καζακστάν
0%
Καζακστάν
0%
Καζακστάν
0%
Καζακστάν
0%
Καζακστάν
0%
Καζακστάν
0%
Καζακστάν
0%
Καζακστάν
0%
Καζακστάν
0%
Καζακστάν
0%
Καζακστάν
0%
Καζακστάν
0%
Καζακστάν
0%
Καζακστάν
0%
Καζακστάν
0%
Καζακστάν
0%
Καζακστάν
0%
Καζακστάν
0%
Καμερούν
0%
Καμερούν
0%
Καμερούν
0%
Καμερούν
0%
Καμερούν
0%
Καμερούν
0%
Καμερούν
0%
Καμερούν
0%
Καμερούν
0%
Καμπότζη
0%
Καμπότζη
0%
Καμπότζη
0%
Καναδάς
0%
Καναδάς
0%
Καναδάς
0%
Καναδάς
0%
Καναδάς
0%
Καναδάς
0%
Καναδάς
0%
Καναδάς
0%
Καναδάς
0%
Καναδάς
0%
Καναδάς
0%
Καναδάς
0%
Καναδάς
0%
Καναδάς
0%
Καναδάς
0%
Καναδάς
0%
Καναδάς
0%
Καναδάς
0%
Καναδάς
0%
Καναδάς
0%
Καναδάς
0%
Καναδάς
0%
Καναδάς
0%
Καναδάς
0%
Καναδάς
0%
Καναδάς
0%
Καναδάς
0%
Καναδάς
0%
Καναδάς
0%
Καναδάς
0%
Καναδάς
0%
Καναδάς
0%
Καναδάς
0%
Καναδάς
0%
Καναδάς
0%
Καναδάς
0%
Καναδάς
0%
Καναδάς
0%
Καναδάς
0%
Καναδάς
0%
Καναδάς
0%
Καναδάς
0%
Καναδάς
0%
Καναδάς
0%
Καναδάς
0%
Καναδάς
0%
Καναδάς
0%
Καναδάς
0%
Καναδάς
0%
Καναδάς
0%
Καναδάς
0%
Καναδάς
0%
Καναδάς
0%
Καναδάς
0%
Καναδάς
0%
Καναδάς
0%
Καναδάς
0%
Καναδάς
0%
Καναδάς
0%
Καναδάς
0%
Καναδάς
0%
Καναδάς
0%
Καναδάς
0%
Καναδάς
0%
Καναδάς
0%
Καναδάς
0%
Καναδάς
0%
Καναδάς
0%
Καναδάς
0%
Καναδάς
0%
Καναδάς
0%
Καναδάς
0%
Καναδάς
0%
Καναδάς
0%
Καναδάς
0%
Καναδάς
0%
Καναδάς
0%
Καναδάς
0%
Καναδάς
0%
Καναδάς
0%
Καναδάς
0%
Καναδάς
0%
Καναδάς
0%
Καναδάς
0%
Καναδάς
0%
Καναδάς
0%
Καναδάς
0%
Καναδάς
0%
Καναδάς
0%
Καναδάς
0%
Καναδάς
0%
Καναδάς
0%
Καναδάς
0%
Καναδάς
0%
Καναδάς
0%
Καναδάς
0%
Καναδάς
0%
Καναδάς
0%
Καναδάς
0%
Καναδάς
0%
Καναδάς
0%
Καναδάς
0%
Καναδάς
0%
Καναδάς
0%
Καναδάς
0%
Καναδάς
0%
Καναδάς
0%
Καναδάς
0%
Καναδάς
0%
Καναδάς
0%
Καναδάς
0%
Καναδάς
0%
Καναδάς
0%
Καναδάς
0%
Καναδάς
0%
Καναδάς
0%
Καναδάς
0%
Καναδάς
0%
Καναδάς
0%
Καναδάς
0%
Καναδάς
0%
Καναδάς
0%
Καναδάς
0%
Καναδάς
0%
Καναδάς
0%
Καναδάς
0%
Καναδάς
0%
Καναδάς
0%
Καναδάς
0%
Καναδάς
0%
Καναδάς
0%
Καναδάς
0%
Καναδάς
0%
Καναδάς
0%
Καναδάς
0%
Καναδάς
0%
Καναδάς
0%
Καναδάς
0%
Καναδάς
0%
Καναδάς
0%
Καναδάς
0%
Καναδάς
0%
Καναδάς
0%
Καναδάς
0%
Καναδάς
0%
Καναδάς
0%
Καναδάς
0%
Καναδάς
0%
Καναδάς
0%
Καναδάς
0%
Καναδάς
0%
Καναδάς
0%
Καναδάς
0%
Καναδάς
0%
Καναδάς
0%
Καναδάς
0%
Καναδάς
0%
Καναδάς
0%
Καναδάς
0%
Καναδάς
0%
Καναδάς
0%
Καναδάς
0%
Καναδάς
0%
Καναδάς
0%
Καναδάς
0%
Καναδάς
0%
Καναδάς
0%
Καναδάς
0%
Καναδάς
0%
Καναδάς
0%
Καναδάς
0%
Καναδάς
0%
Καναδάς
0%
Καναδάς
0%
Καναδάς
0%
Καναδάς
0%
Καναδάς
0%
Καναδάς
0%
Καναδάς
0%
Καναδάς
0%
Καναδάς
0%
Καναδάς
0%
Καναδάς
0%
Καναδάς
0%
Καναδάς
0%
Καναδάς
0%
Καναδάς
0%
Καναδάς
0%
Καναδάς
0%
Καναδάς
0%
Καναδάς
0%
Καναδάς
0%
Καναδάς
0%
Καναδάς
0%
Καναδάς
0%
Καναδάς
0%
Καναδάς
0%
Καναδάς
0%
Καναδάς
0%
Καναδάς
0%
Καναδάς
0%
Καναδάς
0%
Καναδάς
0%
Καναδάς
0%
Καναδάς
0%
Καναδάς
0%
Καναδάς
0%
Καναδάς
0%
Καναδάς
0%
Καναδάς
0%
Καναδάς
0%
Καναδάς
0%
Καναδάς
0%
Καναδάς
0%
Καναδάς
0%
Καναδάς
0%
Καναδάς
0%
Καναδάς
0%
Καναδάς
0%
Καναδάς
0%
Καναδάς
0%
Καναδάς
0%
Καναδάς
0%
Καναδάς
0%
Καναδάς
0%
Καναδάς
0%
Καναδάς
0%
Καναδάς
0%
Καναδάς
0%
Καναδάς
0%
Καναδάς
0%
Καναδάς
0%
Καναδάς
0%
Καναδάς
0%
Καναδάς
0%
Καναδάς
0%
Καναδάς
0%
Καναδάς
0%
Καναδάς
0%
Καναδάς
0%
Καναδάς
0%
Καναδάς
0%
Καναδάς
0%
Καναδάς
0%
Καναδάς
0%
Καναδάς
0%
Καναδάς
0%
Καναδάς
0%
Καναδάς
0%
Καναδάς
0%
Καναδάς
0%
Καναδάς
0%
Καναδάς
0%
Καναδάς
0%
Καναδάς
0%
Καναδάς
0%
Καναδάς
0%
Καναδάς
0%
Καναδάς
0%
Καναδάς
0%
Καναδάς
0%
Καναδάς
0%
Καναδάς
0%
Καναδάς
0%
Καναδάς
0%
Καναδάς
0%
Καναδάς
0%
Καναδάς
0%
Καναδάς
0%
Καναδάς
0%
Καναδάς
0%
Καναδάς
0%
Καναδάς
0%
Καναδάς
0%
Καναδάς
0%
Καναδάς
0%
Καναδάς
0%
Καναδάς
0%
Καναδάς
0%
Καναδάς
0%
Καναδάς
0%
Καναδάς
0%
Καναδάς
0%
Καναδάς
0%
Καναδάς
0%
Καναδάς
0%
Καναδάς
0%
Καναδάς
0%
Καναδάς
0%
Καναδάς
0%
Καναδάς
0%
Καναδάς
0%
Καναδάς
0%
Καναδάς
0%
Καναδάς
0%
Καναδάς
0%
Καναδάς
0%
Καναδάς
0%
Καναδάς
0%
Καναδάς
0%
Καναδάς
0%
Καναδάς
0%
Καναδάς
0%
Καναδάς
0%
Καναδάς
0%
Καναδάς
0%
Καναδάς
0%
Κατάρ
0%
Κατάρ
0%
Κεντροαφρικανική Δημοκρατία
0%
Κεντροαφρικανική Δημοκρατία
0%
Κεντροαφρικανική Δημοκρατία
0%
Κεντροαφρικανική Δημοκρατία
0%
Κεντροαφρικανική Δημοκρατία
0%
Κεντροαφρικανική Δημοκρατία
0%
Κεντροαφρικανική Δημοκρατία
0%
Κεντροαφρικανική Δημοκρατία
0%
Κεντροαφρικανική Δημοκρατία
0%
Κεντροαφρικανική Δημοκρατία
0%
Κεντροαφρικανική Δημοκρατία
0%
Κεντροαφρικανική Δημοκρατία
0%
Κένυα
0%
Κένυα
0%
Κένυα
0%
Κένυα
0%
Κένυα
0%
Κένυα
0%
Κένυα
0%
Κένυα
0%
Κένυα
0%
Κένυα
0%
Κίνα
0%
Κίνα
0%
Κίνα
0%
Κίνα
0%
Κίνα
0%
Κίνα
0%
Κίνα
0%
Κίνα
0%
Κίνα
0%
Κίνα
0%
Κίνα
0%
Κίνα
0%
Κίνα
0%
Κίνα
0%
Κίνα
0%
Κίνα
0%
Κίνα
0%
Κίνα
0%
Κίνα
0%
Κίνα
0%
Κίνα
0%
Κίνα
0%
Κίνα
0%
Κίνα
0%
Κίνα
0%
Κίνα
0%
Κίνα
0%
Κίνα
0%
Κίνα
0%
Κίνα
0%
Κίνα
0%
Κίνα
0%
Κίνα
0%
Κίνα
0%
Κίνα
0%
Κίνα
0%
Κίνα
0%
Κίνα
0%
Κίνα
0%
Κίνα
0%
Κίνα
0%
Κίνα
0%
Κίνα
0%
Κίνα
0%
Κίνα
0%
Κίνα
0%
Κίνα
0%
Κίνα
0%
Κίνα
0%
Κίνα
0%
Κίνα
0%
Κίνα
0%
Κίνα
0%
Κίνα
0%
Κίνα
0%
Κίνα
0%
Κίνα
0%
Κίνα
0%
Κίνα
0%
Κίνα
0%
Κίνα
0%
Κίνα
0%
Κίνα
0%
Κίνα
0%
Κίνα
0%
Κίνα
0%
Κίνα
0%
Κίνα
0%
Κίνα
0%
Κίνα
0%
Κίνα
0%
Κίνα
0%
Κίνα
0%
Κίνα
0%
Κίνα
0%
Κίνα
0%
Κίνα
0%
Κίνα
0%
Κίνα
0%
Κίνα
0%
Κίνα
0%
Κίνα
0%
Κίνα
0%
Κίνα
0%
Κίνα
0%
Κίνα
0%
Κίνα
0%
Κίνα
0%
Κίνα
0%
Κίνα
0%
Κίνα
0%
Κίνα
0%
Κίνα
0%
Κίνα
0%
Κίνα
0%
Κίνα
0%
Κίνα
0%
Κίνα
0%
Κίνα
0%
Κίνα
0%
Κίνα
0%
Κίνα
0%
Κίνα
0%
Κίνα
0%
Κίνα
0%
Κίνα
0%
Κίνα
0%
Κίνα
0%
Κίνα
0%
Κίνα
0%
Κίνα
0%
Κίνα
0%
Κίνα
0%
Κίνα
0%
Κίνα
0%
Κίνα
0%
Κίνα
0%
Κίνα
0%
Κίνα
0%
Κίνα
0%
Κίνα
0%
Κίνα
0%
Κίνα
0%
Κίνα
0%
Κίνα
0%
Κίνα
0%
Κίνα
0%
Κίνα
0%
Κίνα
0%
Κίνα
0%
Κίνα
0%
Κίνα
0%
Κίνα
0%
Κίνα
0%
Κίνα
0%
Κίνα
0%
Κίνα
0%
Κίνα
0%
Κίνα
0%
Κίνα
0%
Κίνα
0%
Κίνα
0%
Κίνα
0%
Κίνα
0%
Κίνα
0%
Κίνα
0%
Κίνα
0%
Κίνα
0%
Κίνα
0%
Κίνα
0%
Κίνα
0%
Κίνα
0%
Κίνα
0%
Κίνα
0%
Κίνα
0%
Κίνα
0%
Κίνα
0%
Κίνα
0%
Κίνα
0%
Κίνα
0%
Κίνα
0%
Κίνα
0%
Κίνα
0%
Κίνα
0%
Κίνα
0%
Κίνα
0%
Κίνα
0%
Κίνα
0%
Κίνα
0%
Κίνα
0%
Κίνα
0%
Κίνα
0%
Κίνα
0%
Κίνα
0%
Κίνα
0%
Κίνα
0%
Κίνα
0%
Κίνα
0%
Κίνα
0%
Κίνα
0%
Κίνα
0%
Κίνα
0%
Κίνα
0%
Κίνα
0%
Κίνα
0%
Κίνα
0%
Κιργιζία
0%
Κιργιζία
0%
Κιργιζία
0%
Κιργιζία
0%
Κιργιζία
0%
Κιργιζία
0%
Κιριμπάτι
0%
Κιριμπάτι
0%
Κιριμπάτι
0%
Κιριμπάτι
0%
Κολομβία
0%
Κολομβία
0%
Κολομβία
0%
Κολομβία
0%
Κολομβία
0%
Κολομβία
0%
Κολομβία
0%
Κολομβία
0%
Κολομβία
0%
Κολομβία
0%
Κολομβία
0%
Κολομβία
0%
Κολομβία
0%
Κολομβία
0%
Κολομβία
0%
Κολομβία
0%
Κολομβία
0%
Κολομβία
0%
Κομόρες
0%
Κόσοβο
0%
Κόστα Ρίκα
0%
Κόστα Ρίκα
0%
Κούβα
0%
Κούβα
0%
Κούβα
0%
Κούβα
0%
Κούβα
0%
Κούβα
0%
Κουβέιτ
0%
Κροατία
0%
Κροατία
0%
Κροατία
0%
Κροατία
0%
Κύπρος
0%
Λαϊκή Δημοκρατία του Κονγκό
0%
Λαϊκή Δημοκρατία του Κονγκό
0%
Λαϊκή Δημοκρατία του Κονγκό
0%
Λαϊκή Δημοκρατία του Κονγκό
0%
Λαϊκή Δημοκρατία του Κονγκό
0%
Λαϊκή Δημοκρατία του Κονγκό
0%
Λαϊκή Δημοκρατία του Κονγκό
0%
Λαϊκή Δημοκρατία του Κονγκό
0%
Λαϊκή Δημοκρατία του Κονγκό
0%
Λαϊκή Δημοκρατία του Κονγκό
0%
Λαϊκή Δημοκρατία του Κονγκό
0%
Λαϊκή Δημοκρατία του Κονγκό
0%
Λαϊκή Δημοκρατία του Κονγκό
0%
Λαϊκή Δημοκρατία του Κονγκό
0%
Λαϊκή Δημοκρατία του Κονγκό
0%
Λαϊκή Δημοκρατία του Κονγκό
0%
Λαϊκή Δημοκρατία του Κονγκό
0%
Λαϊκή Δημοκρατία του Κονγκό
0%
Λαϊκή Δημοκρατία του Κονγκό
0%
Λαϊκή Δημοκρατία του Κονγκό
0%
Λαϊκή Δημοκρατία του Κονγκό
0%
Λαϊκή Δημοκρατία του Κονγκό
0%
Λαϊκή Δημοκρατία του Κονγκό
0%
Λαϊκή Δημοκρατία του Κονγκό
0%
Λαϊκή Δημοκρατία του Κονγκό
0%
Λαϊκή Δημοκρατία του Κονγκό
0%
Λαϊκή Δημοκρατία του Κονγκό
0%
Λαϊκή Δημοκρατία του Κονγκό
0%
Λαϊκή Δημοκρατία του Κονγκό
0%
Λαϊκή Δημοκρατία του Κονγκό
0%
Λαϊκή Δημοκρατία του Κονγκό
0%
Λαϊκή Δημοκρατία του Κονγκό
0%
Λαϊκή Δημοκρατία του Κονγκό
0%
Λάος
0%
Λάος
0%
Λάος
0%
Λάος
0%
Λάος
0%
Λεσότο
0%
Λετονία
0%
Λετονία
0%
Λετονία
0%
Λευκορωσία
0%
Λευκορωσία
0%
Λευκορωσία
0%
Λευκορωσία
0%
Λευκορωσία
0%
Λίβανος
0%
Λιβερία
0%
Λιβερία
0%
Λιβύη
0%
Λιβύη
0%
Λιβύη
0%
Λιβύη
0%
Λιβύη
0%
Λιβύη
0%
Λιβύη
0%
Λιβύη
0%
Λιβύη
0%
Λιβύη
0%
Λιβύη
0%
Λιβύη
0%
Λιβύη
0%
Λιβύη
0%
Λιβύη
0%
Λιβύη
0%
Λιβύη
0%
Λιβύη
0%
Λιβύη
0%
Λιβύη
0%
Λιβύη
0%
Λιβύη
0%
Λιβύη
0%
Λιβύη
0%
Λιβύη
0%
Λιβύη
0%
Λιβύη
0%
Λιβύη
0%
Λιβύη
0%
Λιθουανία
0%
Λιθουανία
0%
Λιθουανία
0%
Λιθουανία
0%
Λίχτενσταϊν
0%
Λουξεμβούργο
0%
Μαδαγασκάρη
0%
Μαδαγασκάρη
0%
Μαδαγασκάρη
0%
Μαδαγασκάρη
0%
Μαδαγασκάρη
0%
Μαδαγασκάρη
0%
Μαδαγασκάρη
0%
Μαδαγασκάρη
0%
Μαδαγασκάρη
0%
Μαδαγασκάρη
0%
Μαλαισία
0%
Μαλαισία
0%
Μαλαισία
0%
Μαλαισία
0%
Μαλαισία
0%
Μαλάουι
0%
Μαλάουι
0%
Μαλάουι
0%
Μαλδίβες
0%
Μάλι
0%
Μάλι
0%
Μάλι
0%
Μάλι
0%
Μάλι
0%
Μάλι
0%
Μάλι
0%
Μάλι
0%
Μάλι
0%
Μάλι
0%
Μάλι
0%
Μάλι
0%
Μάλι
0%
Μάλι
0%
Μάλι
0%
Μάλι
0%
Μάλι
0%
Μάλι
0%
Μάλι
0%
Μάλι
0%
Μάλι
0%
Μάλι
0%
Μαρόκο
0%
Μαρόκο
0%
Μαρόκο
0%
Μαρόκο
0%
Μαρόκο
0%
Μαρόκο
0%
Μαρόκο
0%
Μαρόκο
0%
Μαρόκο
0%
Μαρόκο
0%
Μαρόκο
0%
Μαρόκο
0%
Μαρόκο
0%
Μαρόκο
0%
Μαυρίκιος
0%
Μαυριτανία
0%
Μαυριτανία
0%
Μαυριτανία
0%
Μαυριτανία
0%
Μαυριτανία
0%
Μαυριτανία
0%
Μαυριτανία
0%
Μαυριτανία
0%
Μαυριτανία
0%
Μαυριτανία
0%
Μαυριτανία
0%
Μαυριτανία
0%
Μαυριτανία
0%
Μαυριτανία
0%
Μαυριτανία
0%
Μαυριτανία
0%
Μαυριτανία
0%
Μαυριτανία
0%
Μαυριτανία
0%
Μαυριτανία
0%
Μαυριτανία
0%
Μαυριτανία
0%
Μαυροβούνιο
0%
Μεξικό
0%
Μεξικό
0%
Μεξικό
0%
Μεξικό
0%
Μεξικό
0%
Μεξικό
0%
Μεξικό
0%
Μεξικό
0%
Μεξικό
0%
Μεξικό
0%
Μεξικό
0%
Μεξικό
0%
Μεξικό
0%
Μεξικό
0%
Μεξικό
0%
Μεξικό
0%
Μεξικό
0%
Μεξικό
0%
Μεξικό
0%
Μεξικό
0%
Μεξικό
0%
Μεξικό
0%
Μεξικό
0%
Μεξικό
0%
Μεξικό
0%
Μεξικό
0%
Μεξικό
0%
Μεξικό
0%
Μεξικό
0%
Μεξικό
0%
Μεξικό
0%
Μεξικό
0%
Μεξικό
0%
Μεξικό
0%
Μεξικό
0%
Μιανμάρ
0%
Μιανμάρ
0%
Μιανμάρ
0%
Μιανμάρ
0%
Μιανμάρ
0%
Μιανμάρ
0%
Μιανμάρ
0%
Μιανμάρ
0%
Μιανμάρ
0%
Μιανμάρ
0%
Μιανμάρ
0%
Μιανμάρ
0%
Μιανμάρ
0%
Μιανμάρ
0%
Μιανμάρ
0%
Μιανμάρ
0%
Μογγολία
0%
Μογγολία
0%
Μογγολία
0%
Μογγολία
0%
Μογγολία
0%
Μογγολία
0%
Μογγολία
0%
Μογγολία
0%
Μογγολία
0%
Μογγολία
0%
Μογγολία
0%
Μογγολία
0%
Μογγολία
0%
Μογγολία
0%
Μογγολία
0%
Μογγολία
0%
Μογγολία
0%
Μογγολία
0%
Μογγολία
0%
Μογγολία
0%
Μογγολία
0%
Μογγολία
0%
Μογγολία
0%
Μογγολία
0%
Μογγολία
0%
Μογγολία
0%
Μογγολία
0%
Μογγολία
0%
Μογγολία
0%
Μογγολία
0%
Μογγολία
0%
Μογγολία
0%
Μοζαμβίκη
0%
Μοζαμβίκη
0%
Μοζαμβίκη
0%
Μοζαμβίκη
0%
Μοζαμβίκη
0%
Μοζαμβίκη
0%
Μοζαμβίκη
0%
Μοζαμβίκη
0%
Μοζαμβίκη
0%
Μοζαμβίκη
0%
Μοζαμβίκη
0%
Μοζαμβίκη
0%
Μοζαμβίκη
0%
Μολδαβία
0%
Μολδαβία
0%
Μολδαβία
0%
Μπανγκλαντές
0%
Μπανγκλαντές
0%
Μπανγκλαντές
0%
Μπαρμπάντος
0%
Μπαχάμες
0%
Μπαχάμες
0%
Μπαχάμες
0%
Μπαχάμες
0%
Μπελίζ
0%
Μπενίν
0%
Μπενίν
0%
Μπενίν
0%
Μπενίν
0%
Μποτσουάνα
0%
Μποτσουάνα
0%
Μποτσουάνα
0%
Μποτσουάνα
0%
Μποτσουάνα
0%
Μποτσουάνα
0%
Μποτσουάνα
0%
Μποτσουάνα
0%
Μποτσουάνα
0%
Μποτσουάνα
0%
Μποτσουάνα
0%
Μπουρκίνα Φάσο
0%
Μπουρκίνα Φάσο
0%
Μπουρκίνα Φάσο
0%
Μπουρκίνα Φάσο
0%
Μπουρκίνα Φάσο
0%
Μπουρούντι
0%
Μπουτάν
0%
Μπρουνέι
0%
Ναμίμπια
0%
Ναμίμπια
0%
Ναμίμπια
0%
Ναμίμπια
0%
Ναμίμπια
0%
Ναμίμπια
0%
Ναμίμπια
0%
Ναμίμπια
0%
Ναμίμπια
0%
Ναμίμπια
0%
Ναμίμπια
0%
Ναμίμπια
0%
Ναμίμπια
0%
Ναμίμπια
0%
Ναμίμπια
0%
Ναμίμπια
0%
Ναουρού
0%
Νέα Ζηλανδία
0%
Νέα Ζηλανδία
0%
Νέα Ζηλανδία
0%
Νέα Ζηλανδία
0%
Νέα Ζηλανδία
0%
Νέα Ζηλανδία
0%
Νέα Ζηλανδία
0%
Νέα Ζηλανδία
0%
Νέα Ζηλανδία
0%
Νέα Ζηλανδία
0%
Νέα Ζηλανδία
0%
Νεπάλ
0%
Νεπάλ
0%
Νεπάλ
0%
Νήσοι Μάρσαλ
0%
Νήσοι Μάρσαλ
0%
Νήσοι Μάρσαλ
0%
Νήσοι Σολομώντα
0%
Νήσοι Σολομώντα
0%
Νήσοι Σολομώντα
0%
Νήσοι Σολομώντα
0%
Νήσοι Σολομώντα
0%
Νήσοι Σολομώντα
0%
Νήσοι Σολομώντα
0%
Νήσοι Σολομώντα
0%
Νήσοι Σολομώντα
0%
Νίγηρας
0%
Νίγηρας
0%
Νίγηρας
0%
Νίγηρας
0%
Νίγηρας
0%
Νίγηρας
0%
Νίγηρας
0%
Νίγηρας
0%
Νίγηρας
0%
Νίγηρας
0%
Νίγηρας
0%
Νίγηρας
0%
Νίγηρας
0%
Νίγηρας
0%
Νίγηρας
0%
Νίγηρας
0%
Νίγηρας
0%
Νίγηρας
0%
Νίγηρας
0%
Νίγηρας
0%
Νιγηρία
0%
Νιγηρία
0%
Νιγηρία
0%
Νιγηρία
0%
Νιγηρία
0%
Νιγηρία
0%
Νιγηρία
0%
Νιγηρία
0%
Νιγηρία
0%
Νιγηρία
0%
Νιγηρία
0%
Νιγηρία
0%
Νιγηρία
0%
Νιγηρία
0%
Νιγηρία
0%
Νιγηρία
0%
Νικαράγουα
0%
Νικαράγουα
0%
Νικαράγουα
0%
Νικαράγουα
0%
Νορβηγία
0%
Νορβηγία
0%
Νορβηγία
0%
Νορβηγία
0%
Νορβηγία
0%
Νορβηγία
0%
Νορβηγία
0%
Νορβηγία
0%
Νορβηγία
0%
Νορβηγία
0%
Νορβηγία
0%
Νορβηγία
0%
Νορβηγία
0%
Νορβηγία
0%
Νορβηγία
0%
Νορβηγία
0%
Νορβηγία
0%
Νότια Αφρική
0%
Νότια Αφρική
0%
Νότια Αφρική
0%
Νότια Αφρική
0%
Νότια Αφρική
0%
Νότια Αφρική
0%
Νότια Αφρική
0%
Νότια Αφρική
0%
Νότια Αφρική
0%
Νότια Αφρική
0%
Νότια Αφρική
0%
Νότια Αφρική
0%
Νότια Αφρική
0%
Νότια Αφρική
0%
Νότια Αφρική
0%
Νότια Αφρική
0%
Νότια Αφρική
0%
Νότια Αφρική
0%
Νότια Αφρική
0%
Νότια Αφρική
0%
Νότια Αφρική
0%
Νότια Αφρική
0%
Νότια Αφρική
0%
Νότια Κορέα
0%
Νότια Κορέα
0%
Νότια Κορέα
0%
Νότια Κορέα
0%
Νότια Κορέα
0%
Νότιο Σουδάν
0%
Νότιο Σουδάν
0%
Νότιο Σουδάν
0%
Νότιο Σουδάν
0%
Νότιο Σουδάν
0%
Νότιο Σουδάν
0%
Νότιο Σουδάν
0%
Νότιο Σουδάν
0%
Νότιο Σουδάν
0%
Νότιο Σουδάν
0%
Νότιο Σουδάν
0%
Νότιο Σουδάν
0%
Ολλανδία
0%
Ολλανδία
0%
Ολλανδία
0%
Ολλανδία
0%
Ολλανδία
0%
Ομάν
0%
Ομάν
0%
Ομάν
0%
Ομάν
0%
Ομάν
0%
Ομάν
0%
Ομάν
0%
Ομάν
0%
Ομάν
0%
Ομόσπονδες Πολιτείες της Μικρονησίας
0%
Ομόσπονδες Πολιτείες της Μικρονησίας
0%
Ομόσπονδες Πολιτείες της Μικρονησίας
0%
Ομόσπονδες Πολιτείες της Μικρονησίας
0%
Ονδούρα
0%
Ονδούρα
0%
Ονδούρα
0%
Ουγγαρία
0%
Ουγγαρία
0%
Ουγγαρία
0%
Ουγγαρία
0%
Ουγκάντα
0%
Ουγκάντα
0%
Ουγκάντα
0%
Ουγκάντα
0%
Ουγκάντα
0%
Ουζμπεκιστάν
0%
Ουζμπεκιστάν
0%
Ουζμπεκιστάν
0%
Ουζμπεκιστάν
0%
Ουζμπεκιστάν
0%
Ουζμπεκιστάν
0%
Ουζμπεκιστάν
0%
Ουζμπεκιστάν
0%
Ουζμπεκιστάν
0%
Ουζμπεκιστάν
0%
Ουζμπεκιστάν
0%
Ουζμπεκιστάν
0%
Ουζμπεκιστάν
0%
Ουζμπεκιστάν
0%
Ουκρανία
0%
Ουκρανία
0%
Ουκρανία
0%
Ουκρανία
0%
Ουκρανία
0%
Ουκρανία
0%
Ουκρανία
0%
Ουκρανία
0%
Ουκρανία
0%
Ουκρανία
0%
Ουκρανία
0%
Ουκρανία
0%
Ουκρανία
0%
Ουκρανία
0%
Ουκρανία
0%
Ουρουγουάη
0%
Ουρουγουάη
0%
Ουρουγουάη
0%
Ουρουγουάη
0%
Πακιστάν
0%
Πακιστάν
0%
Πακιστάν
0%
Πακιστάν
0%
Πακιστάν
0%
Πακιστάν
0%
Πακιστάν
0%
Πακιστάν
0%
Πακιστάν
0%
Πακιστάν
0%
Πακιστάν
0%
Πακιστάν
0%
Πακιστάν
0%
Πακιστάν
0%
Πακιστάν
0%
Πακιστάν
0%
Πακιστάν
0%
Παλάου
0%
Παλάου
0%
Παναμάς
0%
Παναμάς
0%
Παναμάς
0%
Παναμάς
0%
Παπούα Νέα Γουινέα
0%
Παπούα Νέα Γουινέα
0%
Παπούα Νέα Γουινέα
0%
Παπούα Νέα Γουινέα
0%
Παπούα Νέα Γουινέα
0%
Παπούα Νέα Γουινέα
0%
Παπούα Νέα Γουινέα
0%
Παπούα Νέα Γουινέα
0%
Παπούα Νέα Γουινέα
0%
Παπούα Νέα Γουινέα
0%
Παπούα Νέα Γουινέα
0%
Παπούα Νέα Γουινέα
0%
Παπούα Νέα Γουινέα
0%
Παπούα Νέα Γουινέα
0%
Παραγουάη
0%
Παραγουάη
0%
Παραγουάη
0%
Παραγουάη
0%
Παραγουάη
0%
Παραγουάη
0%
Παραγουάη
0%
Παραγουάη
0%
Παραγουάη
0%
Περού
0%
Περού
0%
Περού
0%
Περού
0%
Περού
0%
Περού
0%
Περού
0%
Περού
0%
Περού
0%
Περού
0%
Περού
0%
Περού
0%
Περού
0%
Περού
0%
Περού
0%
Περού
0%
Περού
0%
Περού
0%
Περού
0%
Περού
0%
Περού
0%
Πολωνία
0%
Πολωνία
0%
Πολωνία
0%
Πολωνία
0%
Πολωνία
0%
Πολωνία
0%
Πολωνία
0%
Πολωνία
0%
Πολωνία
0%
Πολωνία
0%
Πολωνία
0%
Πολωνία
0%
Πορτογαλία
0%
Πορτογαλία
0%
Πορτογαλία
0%
Πορτογαλία
0%
Πορτογαλία
0%
Πορτογαλία
0%
Πορτογαλία
0%
Πράσινο Ακρωτήριο
0%
Πράσινο Ακρωτήριο
0%
Ρουάντα
0%
Ρουμανία
0%
Ρουμανία
0%
Ρουμανία
0%
Ρουμανία
0%
Ρουμανία
0%
Ρουμανία
0%
Ρουμανία
0%
Ρωσία
0%
Ρωσία
0%
Ρωσία
0%
Ρωσία
0%
Ρωσία
0%
Ρωσία
0%
Ρωσία
0%
Ρωσία
0%
Ρωσία
0%
Ρωσία
0%
Ρωσία
0%
Ρωσία
0%
Ρωσία
0%
Ρωσία
0%
Ρωσία
0%
Ρωσία
0%
Ρωσία
0%
Ρωσία
0%
Ρωσία
0%
Ρωσία
0%
Ρωσία
0%
Ρωσία
0%
Ρωσία
0%
Ρωσία
0%
Ρωσία
0%
Ρωσία
0%
Ρωσία
0%
Ρωσία
0%
Ρωσία
0%
Ρωσία
0%
Ρωσία
0%
Ρωσία
0%
Ρωσία
0%
Ρωσία
0%
Ρωσία
0%
Ρωσία
0%
Ρωσία
0%
Ρωσία
0%
Ρωσία
0%
Ρωσία
0%
Ρωσία
0%
Ρωσία
0%
Ρωσία
0%
Ρωσία
0%
Ρωσία
0%
Ρωσία
0%
Ρωσία
0%
Ρωσία
0%
Ρωσία
0%
Ρωσία
0%
Ρωσία
0%
Ρωσία
0%
Ρωσία
0%
Ρωσία
0%
Ρωσία
0%
Ρωσία
0%
Ρωσία
0%
Ρωσία
0%
Ρωσία
0%
Ρωσία
0%
Ρωσία
0%
Ρωσία
0%
Ρωσία
0%
Ρωσία
0%
Ρωσία
0%
Ρωσία
0%
Ρωσία
0%
Ρωσία
0%
Ρωσία
0%
Ρωσία
0%
Ρωσία
0%
Ρωσία
0%
Ρωσία
0%
Ρωσία
0%
Ρωσία
0%
Ρωσία
0%
Ρωσία
0%
Ρωσία
0%
Ρωσία
0%
Ρωσία
0%
Ρωσία
0%
Ρωσία
0%
Ρωσία
0%
Ρωσία
0%
Ρωσία
0%
Ρωσία
0%
Ρωσία
0%
Ρωσία
0%
Ρωσία
0%
Ρωσία
0%
Ρωσία
0%
Ρωσία
0%
Ρωσία
0%
Ρωσία
0%
Ρωσία
0%
Ρωσία
0%
Ρωσία
0%
Ρωσία
0%
Ρωσία
0%
Ρωσία
0%
Ρωσία
0%
Ρωσία
0%
Ρωσία
0%
Ρωσία
0%
Ρωσία
0%
Ρωσία
0%
Ρωσία
0%
Ρωσία
0%
Ρωσία
0%
Ρωσία
0%
Ρωσία
0%
Ρωσία
0%
Ρωσία
0%
Ρωσία
0%
Ρωσία
0%
Ρωσία
0%
Ρωσία
0%
Ρωσία
0%
Ρωσία
0%
Ρωσία
0%
Ρωσία
0%
Ρωσία
0%
Ρωσία
0%
Ρωσία
0%
Ρωσία
0%
Ρωσία
0%
Ρωσία
0%
Ρωσία
0%
Ρωσία
0%
Ρωσία
0%
Ρωσία
0%
Ρωσία
0%
Ρωσία
0%
Ρωσία
0%
Ρωσία
0%
Ρωσία
0%
Ρωσία
0%
Ρωσία
0%
Ρωσία
0%
Ρωσία
0%
Ρωσία
0%
Ρωσία
0%
Ρωσία
0%
Ρωσία
0%
Ρωσία
0%
Ρωσία
0%
Ρωσία
0%
Ρωσία
0%
Ρωσία
0%
Ρωσία
0%
Ρωσία
0%
Ρωσία
0%
Ρωσία
0%
Ρωσία
0%
Ρωσία
0%
Ρωσία
0%
Ρωσία
0%
Ρωσία
0%
Ρωσία
0%
Ρωσία
0%
Ρωσία
0%
Ρωσία
0%
Ρωσία
0%
Ρωσία
0%
Ρωσία
0%
Ρωσία
0%
Ρωσία
0%
Ρωσία
0%
Ρωσία
0%
Ρωσία
0%
Ρωσία
0%
Ρωσία
0%
Ρωσία
0%
Ρωσία
0%
Ρωσία
0%
Ρωσία
0%
Ρωσία
0%
Ρωσία
0%
Ρωσία
0%
Ρωσία
0%
Ρωσία
0%
Ρωσία
0%
Ρωσία
0%
Ρωσία
0%
Ρωσία
0%
Ρωσία
0%
Ρωσία
0%
Ρωσία
0%
Ρωσία
0%
Ρωσία
0%
Ρωσία
0%
Ρωσία
0%
Ρωσία
0%
Ρωσία
0%
Ρωσία
0%
Ρωσία
0%
Ρωσία
0%
Ρωσία
0%
Ρωσία
0%
Ρωσία
0%
Ρωσία
0%
Ρωσία
0%
Ρωσία
0%
Ρωσία
0%
Ρωσία
0%
Ρωσία
0%
Ρωσία
0%
Ρωσία
0%
Ρωσία
0%
Ρωσία
0%
Ρωσία
0%
Ρωσία
0%
Ρωσία
0%
Ρωσία
0%
Ρωσία
0%
Ρωσία
0%
Ρωσία
0%
Ρωσία
0%
Ρωσία
0%
Ρωσία
0%
Ρωσία
0%
Ρωσία
0%
Ρωσία
0%
Ρωσία
0%
Ρωσία
0%
Ρωσία
0%
Ρωσία
0%
Ρωσία
0%
Ρωσία
0%
Ρωσία
0%
Ρωσία
0%
Ρωσία
0%
Ρωσία
0%
Ρωσία
0%
Ρωσία
0%
Ρωσία
0%
Ρωσία
0%
Ρωσία
0%
Ρωσία
0%
Ρωσία
0%
Ρωσία
0%
Ρωσία
0%
Ρωσία
0%
Ρωσία
0%
Ρωσία
0%
Ρωσία
0%
Ρωσία
0%
Ρωσία
0%
Ρωσία
0%
Ρωσία
0%
Ρωσία
0%
Ρωσία
0%
Ρωσία
0%
Ρωσία
0%
Ρωσία
0%
Ρωσία
0%
Ρωσία
0%
Ρωσία
0%
Ρωσία
0%
Ρωσία
0%
Ρωσία
0%
Ρωσία
0%
Ρωσία
0%
Ρωσία
0%
Ρωσία
0%
Ρωσία
0%
Ρωσία
0%
Ρωσία
0%
Ρωσία
0%
Ρωσία
0%
Ρωσία
0%
Ρωσία
0%
Ρωσία
0%
Ρωσία
0%
Ρωσία
0%
Ρωσία
0%
Ρωσία
0%
Ρωσία
0%
Ρωσία
0%
Ρωσία
0%
Ρωσία
0%
Ρωσία
0%
Ρωσία
0%
Ρωσία
0%
Ρωσία
0%
Ρωσία
0%
Ρωσία
0%
Ρωσία
0%
Ρωσία
0%
Ρωσία
0%
Ρωσία
0%
Ρωσία
0%
Ρωσία
0%
Ρωσία
0%
Ρωσία
0%
Ρωσία
0%
Ρωσία
0%
Ρωσία
0%
Ρωσία
0%
Ρωσία
0%
Ρωσία
0%
Ρωσία
0%
Ρωσία
0%
Ρωσία
0%
Ρωσία
0%
Ρωσία
0%
Ρωσία
0%
Ρωσία
0%
Ρωσία
0%
Ρωσία
0%
Ρωσία
0%
Ρωσία
0%
Ρωσία
0%
Ρωσία
0%
Ρωσία
0%
Ρωσία
0%
Ρωσία
0%
Ρωσία
0%
Ρωσία
0%
Ρωσία
0%
Ρωσία
0%
Ρωσία
0%
Ρωσία
0%
Ρωσία
0%
Ρωσία
0%
Ρωσία
0%
Ρωσία
0%
Ρωσία
0%
Ρωσία
0%
Ρωσία
0%
Ρωσία
0%
Ρωσία
0%
Ρωσία
0%
Ρωσία
0%
Ρωσία
0%
Ρωσία
0%
Ρωσία
0%
Ρωσία
0%
Ρωσία
0%
Ρωσία
0%
Ρωσία
0%
Ρωσία
0%
Ρωσία
0%
Ρωσία
0%
Ρωσία
0%
Ρωσία
0%
Ρωσία
0%
Ρωσία
0%
Ρωσία
0%
Ρωσία
0%
Ρωσία
0%
Ρωσία
0%
Ρωσία
0%
Ρωσία
0%
Ρωσία
0%
Ρωσία
0%
Ρωσία
0%
Ρωσία
0%
Ρωσία
0%
Ρωσία
0%
Ρωσία
0%
Ρωσία
0%
Ρωσία
0%
Ρωσία
0%
Ρωσία
0%
Ρωσία
0%
Ρωσία
0%
Ρωσία
0%
Ρωσία
0%
Ρωσία
0%
Ρωσία
0%
Ρωσία
0%
Ρωσία
0%
Ρωσία
0%
Ρωσία
0%
Ρωσία
0%
Ρωσία
0%
Ρωσία
0%
Ρωσία
0%
Ρωσία
0%
Ρωσία
0%
Ρωσία
0%
Ρωσία
0%
Ρωσία
0%
Ρωσία
0%
Ρωσία
0%
Ρωσία
0%
Ρωσία
0%
Ρωσία
0%
Ρωσία
0%
Ρωσία
0%
Ρωσία
0%
Ρωσία
0%
Ρωσία
0%
Ρωσία
0%
Ρωσία
0%
Ρωσία
0%
Ρωσία
0%
Ρωσία
0%
Ρωσία
0%
Ρωσία
0%
Ρωσία
0%
Ρωσία
0%
Ρωσία
0%
Ρωσία
0%
Ρωσία
0%
Ρωσία
0%
Ρωσία
0%
Ρωσία
0%
Ρωσία
0%
Ρωσία
0%
Ρωσία
0%
Ρωσία
0%
Ρωσία
0%
Ρωσία
0%
Ρωσία
0%
Ρωσία
0%
Ρωσία
0%
Ρωσία
0%
Ρωσία
0%
Ρωσία
0%
Ρωσία
0%
Ρωσία
0%
Ρωσία
0%
Ρωσία
0%
Ρωσία
0%
Ρωσία
0%
Ρωσία
0%
Ρωσία
0%
Ρωσία
0%
Ρωσία
0%
Ρωσία
0%
Ρωσία
0%
Ρωσία
0%
Ρωσία
0%
Ρωσία
0%
Ρωσία
0%
Ρωσία
0%
Ρωσία
0%
Ρωσία
0%
Ρωσία
0%
Ρωσία
0%
Ρωσία
0%
Ρωσία
0%
Ρωσία
0%
Ρωσία
0%
Ρωσία
0%
Ρωσία
0%
Ρωσία
0%
Ρωσία
0%
Ρωσία
0%
Ρωσία
0%
Ρωσία
0%
Ρωσία
0%
Ρωσία
0%
Ρωσία
0%
Ρωσία
0%
Ρωσία
0%
Ρωσία
0%
Ρωσία
0%
Ρωσία
0%
Ρωσία
0%
Ρωσία
0%
Ρωσία
0%
Ρωσία
0%
Ρωσία
0%
Ρωσία
0%
Ρωσία
0%
Ρωσία
0%
Ρωσία
0%
Ρωσία
0%
Ρωσία
0%
Ρωσία
0%
Ρωσία
0%
Ρωσία
0%
Ρωσία
0%
Ρωσία
0%
Ρωσία
0%
Ρωσία
0%
Ρωσία
0%
Ρωσία
0%
Ρωσία
0%
Ρωσία
0%
Ρωσία
0%
Ρωσία
0%
Ρωσία
0%
Ρωσία
0%
Ρωσία
0%
Ρωσία
0%
Ρωσία
0%
Ρωσία
0%
Ρωσία
0%
Ρωσία
0%
Ρωσία
0%
Ρωσία
0%
Ρωσία
0%
Ρωσία
0%
Ρωσία
0%
Ρωσία
0%
Ρωσία
0%
Ρωσία
0%
Ρωσία
0%
Ρωσία
0%
Ρωσία
0%
Ρωσία
0%
Ρωσία
0%
Ρωσία
0%
Ρωσία
0%
Ρωσία
0%
Ρωσία
0%
Ρωσία
0%
Ρωσία
0%
Ρωσία
0%
Ρωσία
0%
Ρωσία
0%
Ρωσία
0%
Ρωσία
0%
Ρωσία
0%
Ρωσία
0%
Ρωσία
0%
Ρωσία
0%
Ρωσία
0%
Ρωσία
0%
Ρωσία
0%
Ρωσία
0%
Ρωσία
0%
Ρωσία
0%
Ρωσία
0%
Ρωσία
0%
Ρωσία
0%
Ρωσία
0%
Ρωσία
0%
Ρωσία
0%
Ρωσία
0%
Ρωσία
0%
Σαμόα
0%
Σαμόα
0%
Σάο Τομέ και Πρίνσιπε
0%
Σάο Τομέ και Πρίνσιπε
0%
Σαουδική Αραβία
0%
Σαουδική Αραβία
0%
Σαουδική Αραβία
0%
Σαουδική Αραβία
0%
Σαουδική Αραβία
0%
Σαουδική Αραβία
0%
Σαουδική Αραβία
0%
Σαουδική Αραβία
0%
Σαουδική Αραβία
0%
Σαουδική Αραβία
0%
Σαουδική Αραβία
0%
Σαουδική Αραβία
0%
Σαουδική Αραβία
0%
Σαουδική Αραβία
0%
Σαουδική Αραβία
0%
Σαουδική Αραβία
0%
Σαουδική Αραβία
0%
Σαουδική Αραβία
0%
Σαουδική Αραβία
0%
Σαουδική Αραβία
0%
Σαουδική Αραβία
0%
Σαουδική Αραβία
0%
Σαουδική Αραβία
0%
Σαουδική Αραβία
0%
Σαουδική Αραβία
0%
Σαουδική Αραβία
0%
Σαουδική Αραβία
0%
Σαουδική Αραβία
0%
Σαουδική Αραβία
0%
Σαουδική Αραβία
0%
Σαουδική Αραβία
0%
Σαουδική Αραβία
0%
Σενεγάλη
0%
Σενεγάλη
0%
Σενεγάλη
0%
Σενεγάλη
0%
Σενεγάλη
0%
Σερβία
0%
Σερβία
0%
Σερβία
0%
Σεϋχέλλες
0%
Σιγκαπούρη
0%
Σιέρα Λεόνε
0%
Σιέρα Λεόνε
0%
Σλοβακία
0%
Σλοβακία
0%
Σλοβακία
0%
Σλοβενία
0%
Σλοβενία
0%
Σομαλία
0%
Σομαλία
0%
Σομαλία
0%
Σομαλία
0%
Σομαλία
0%
Σομαλία
0%
Σομαλία
0%
Σομαλία
0%
Σομαλία
0%
Σομαλία
0%
Σομαλία
0%
Σομαλία
0%
Σουδάν
0%
Σουδάν
0%
Σουδάν
0%
Σουδάν
0%
Σουδάν
0%
Σουδάν
0%
Σουδάν
0%
Σουδάν
0%
Σουδάν
0%
Σουδάν
0%
Σουδάν
0%
Σουδάν
0%
Σουδάν
0%
Σουδάν
0%
Σουδάν
0%
Σουδάν
0%
Σουδάν
0%
Σουδάν
0%
Σουδάν
0%
Σουδάν
0%
Σουδάν
0%
Σουδάν
0%
Σουδάν
0%
Σουδάν
0%
Σουδάν
0%
Σουδάν
0%
Σουδάν
0%
Σουδάν
0%
Σουδάν
0%
Σουδάν
0%
Σουδάν
0%
Σουηδία
0%
Σουηδία
0%
Σουηδία
0%
Σουηδία
0%
Σουηδία
0%
Σουηδία
0%
Σουηδία
0%
Σουηδία
0%
Σουηδία
0%
Σουηδία
0%
Σουηδία
0%
Σουηδία
0%
Σουηδία
0%
Σουηδία
0%
Σουηδία
0%
Σουηδία
0%
Σουρινάμ
0%
Σουρινάμ
0%
Σουρινάμ
0%
Σρι Λάνκα
0%
Σρι Λάνκα
0%
Σρι Λάνκα
0%
Συρία
0%
Συρία
0%
Συρία
0%
Συρία
0%
Συρία
0%
Ταϊβάν
0%
Ταϊβάν
0%
Ταϊβάν
0%
Ταϊλάνδη
0%
Ταϊλάνδη
0%
Ταϊλάνδη
0%
Ταϊλάνδη
0%
Ταϊλάνδη
0%
Ταϊλάνδη
0%
Ταϊλάνδη
0%
Ταϊλάνδη
0%
Ταϊλάνδη
0%
Ταϊλάνδη
0%
Ταϊλάνδη
0%
Ταϊλάνδη
0%
Ταϊλάνδη
0%
Τανζανία
0%
Τανζανία
0%
Τανζανία
0%
Τανζανία
0%
Τανζανία
0%
Τανζανία
0%
Τανζανία
0%
Τανζανία
0%
Τανζανία
0%
Τανζανία
0%
Τανζανία
0%
Τανζανία
0%
Τανζανία
0%
Τανζανία
0%
Τανζανία
0%
Τανζανία
0%
Τατζικιστάν
0%
Τατζικιστάν
0%
Τατζικιστάν
0%
Τατζικιστάν
0%
Τατζικιστάν
0%
Τατζικιστάν
0%
Τζαμάικα
0%
Τζαμάικα
0%
Τζιμπουτί
0%
Τόγκο
0%
Τόγκο
0%
Τόγκο
0%
Τόνγκα
0%
Τουβαλού
0%
Τουρκία
0%
Τουρκία
0%
Τουρκία
0%
Τουρκία
0%
Τουρκία
0%
Τουρκία
0%
Τουρκία
0%
Τουρκία
0%
Τουρκία
0%
Τουρκία
0%
Τουρκία
0%
Τουρκία
0%
Τουρκία
0%
Τουρκία
0%
Τουρκία
0%
Τουρκία
0%
Τουρκία
0%
Τουρκία
0%
Τουρκία
0%
Τουρκία
0%
Τουρκία
0%
Τουρκία
0%
Τουρκία
0%
Τουρκμενιστάν
0%
Τουρκμενιστάν
0%
Τουρκμενιστάν
0%
Τουρκμενιστάν
0%
Τουρκμενιστάν
0%
Τουρκμενιστάν
0%
Τουρκμενιστάν
0%
Τουρκμενιστάν
0%
Τουρκμενιστάν
0%
Τουρκμενιστάν
0%
Τουρκμενιστάν
0%
Τουρκμενιστάν
0%
Τουρκμενιστάν
0%
Τουρκμενιστάν
0%
Τρινιντάντ και Τομπάγκο
0%
Τρινιντάντ και Τομπάγκο
0%
Τσαντ
0%
Τσαντ
0%
Τσαντ
0%
Τσαντ
0%
Τσαντ
0%
Τσαντ
0%
Τσαντ
0%
Τσαντ
0%
Τσαντ
0%
Τσαντ
0%
Τσαντ
0%
Τσαντ
0%
Τσαντ
0%
Τσαντ
0%
Τσαντ
0%
Τσαντ
0%
Τσαντ
0%
Τσαντ
0%
Τσαντ
0%
Τσαντ
0%
Τσαντ
0%
Τσαντ
0%
Τσαντ
0%
Τσεχία
0%
Τσεχία
0%
Τσεχία
0%
Τσεχία
0%
Τυνησία
0%
Τυνησία
0%
Τυνησία
0%
Τυνησία
0%
Υεμένη
0%
Υεμένη
0%
Υεμένη
0%
Υεμένη
0%
Υεμένη
0%
Υεμένη
0%
Υεμένη
0%
Υεμένη
0%
Υεμένη
0%
Υεμένη
0%
Φιλιππίνες
0%
Φιλιππίνες
0%
Φιλιππίνες
0%
Φιλιππίνες
0%
Φιλιππίνες
0%
Φιλιππίνες
0%
Φιλιππίνες
0%
Φιλιππίνες
0%
Φιλιππίνες
0%
Φιλιππίνες
0%
Φιλιππίνες
0%
Φιλιππίνες
0%
Φιλιππίνες
0%
Φινλανδία
0%
Φινλανδία
0%
Φινλανδία
0%
Φινλανδία
0%
Φινλανδία
0%
Φινλανδία
0%
Φινλανδία
0%
Φινλανδία
0%
Φινλανδία
0%
Φινλανδία
0%
Φινλανδία
0%
Φινλανδία
0%
Φίτζι
0%
Φίτζι
0%
Χιλή
0%
Χιλή
0%
Χιλή
0%
Χιλή
0%
Χιλή
0%
Χιλή
0%
Χιλή
0%
Χιλή
0%
Χιλή
0%
Χιλή
0%
Χιλή
0%
Χιλή
0%
Χιλή
0%
Χιλή
0%
Χιλή
0%
Χιλή
0%
Χιλή
0%
Χιλή
0%
Χιλή
0%
Χιλή
0%
Χιλή
0%
Χιλή
0%
No matching quizzes found
Score Distribution
Percent of People with Each Score
Percentile by Number Answered
Your Score History
You have not taken this quiz